• 首页
  • 本馆介绍
  • 公告通知
  • 最新文献
  • 馆藏检索
  • 电子资源
  • 读者导购
  • 参考咨询
  • 我的图书馆
  • 登录
  • 详细信息显示
  • 放入我的书架
  • 预约/预借图书
  • 作者相关作品
  • 分类相关作品
  • 丛书相关作品
  • 出版社相关作品

书目信息

  • 表格格式
  • 工作单格式
  • 卡片格式
题名:
文明摇篮
    
 
作者: 克雷默 编著 ;苏耀成 译 ;时代生活图书公司 编著
分册:  
出版信息: 北京   中国言实出版社  2004
页数: 162页
开本: 26cm
丛书名: 伟大时代
单 册:
中图分类: K124.3
科图分类:
主题词: 文化史
电子资源:
ISBN: 7-80128-613-8
000 01029oam2 2200289 450
001 1251737869
005 20121007142255.15
010    @a7-80128-613-8@dCNY39.80
100    @a20050110d2004 em y0chiy50 ea
101 1  @achi@ceng
102    @aCN@b110000
105    @aab z 000yy
200 1  @a文明摇篮@Awen ming yao lan@f[美]塞缪尔·诺亚·克莱默(Samuel Noah kramer),[美]时代生活图书公司编著@g苏耀成译
210    @a北京@c中国言实出版社@d2004
215    @a162页@c地图,彩图@d26cm
225 2  @a伟大时代
330    @a本书介绍了人类文明的发源地——美索不达米亚(即幼发拉底河与底格里斯河流域)的文明足迹。生动地再现了辉煌灿烂的古代文明。
461  0 @12001 @a伟大时代
606 0  @a文化史
607    @a美索不达米亚@x文化史@x研究
607    @a美索不达米亚
690    @aK124.3@v4
701  0 @c(美)@a克雷默@Ake lei mo@c(Kramer,Samuel Noah)@4编著
702  0 @a苏耀成@Asu yao cheng@4译
711 02 @c(美)@a时代生活图书公司@Ashi dai sheng huo tu shu gong si@4编著
801  0 @aCN@bNLC@c20101222
905    @a10447@dK124.3@eJY7
    
    文明摇篮/[美]塞缪尔·诺亚·克莱默(Samuel Noah kramer),[美]时代生活图书公司编著/苏耀成译.-北京:中国言实出版社,2004
    162页:地图,彩图;26cm.-(伟大时代)
    
    
    ISBN 7-80128-613-8:CNY39.80
    本书介绍了人类文明的发源地——美索不达米亚(即幼发拉底河与底格里斯河流域)的文明足迹。生动地再现了辉煌灿烂的古代文明。
●
相关链接 在E读中查询图书 在五车中查询图书 在当当中查询图书 在豆瓣中查询图书


正题名:文明摇篮     索取号:K124.3/JY7         预约/预借

序号 登录号 条形码 馆藏地/架位号 状态 备注
1 7831316   278313166   学院路分馆/ [索取号:K124.3/JY7] 在馆    
2 7831317   278313175   学院路分馆/ [索取号:K124.3/JY7] 在馆    
唐山师范学院图书馆 欢迎您!
大连网信软件有限公司© 版权所有